XVII Muestra de Cine Mexicano en Guadalajara : del 8 al 14 de marzo [de] 2002 /
Catálogo de la décimo séptima Muestra de Cine Mexicano en Guadalajara (2002), rebautizada Festival Internacional de Cine en Guadalajara (FICG) a partir de su 20ª edición (2005), cuya principal novedad fue la integración de una sección oficial a concurso para el cine iberoamericano, al tiempo que man...
Uloženo v:
| Korporativní autor: | |
|---|---|
| Médium: | Konferenční příspěvek Kniha |
| Jazyk: | španělština |
| Vydáno: |
Guadalajara, México :
Muestra de Cine Mexicano en Guadalajara, Universidad de Guadalajara,
2002
|
| Témata: | |
| Tagy: |
Žádné tagy, Buďte první, kdo vytvoří štítek k tomuto záznamu!
|
MARC
| LEADER | 00000nam^a2200000^a^4500 | ||
|---|---|---|---|
| 001 | 000171643 | ||
| 005 | 20260226152920.0 | ||
| 009 | 20260310101352.018 | ||
| 037 | |a Acervo ITESO - Biblioteca | ||
| 041 | |a ESP | ||
| 082 | |a 302. 23550972352 |b FICG 2002 | ||
| 111 | |a Muestra de Cine Mexicano en Guadalajara ( |n 17ª : |d 2002 : |c Guadalajara, México) | ||
| 240 | 1 | 1 | |a [FICG] |
| 240 | 1 | 1 | |a [FICG: catálogos] |
| 240 | 1 | 1 | |a [Festival Internacional de Cine en Guadalajara] |
| 240 | 1 | 1 | |a [Festival Internacional de Cine en Guadalajara: catálogos] |
| 240 | 1 | 1 | |a [Muestra de Cine Mexicano en Guadalajara] |
| 240 | 1 | 1 | |a [Muestra de Cine Mexicano en Guadalajara: catálogos] |
| 240 | 1 | 1 | |a [Muestra de Cine Mexicano en Guadalajara 2002] |
| 245 | 1 | 0 | |a XVII Muestra de Cine Mexicano en Guadalajara : |b del 8 al 14 de marzo [de] 2002 / |
| 264 | 1 | |a Guadalajara, México : |b Muestra de Cine Mexicano en Guadalajara, |b Universidad de Guadalajara, |c 2002 | |
| 300 | |a 186 p. ; |c 27.5 cm. | ||
| 336 | |a texto |b txt |2 rdacontenido | ||
| 337 | |a sin mediación |b n |2 rdamedio | ||
| 338 | |a volumen |b nc |2 rdasoporte | ||
| 520 | |a Catálogo de la décimo séptima Muestra de Cine Mexicano en Guadalajara (2002), rebautizada Festival Internacional de Cine en Guadalajara (FICG) a partir de su 20ª edición (2005), cuya principal novedad fue la integración de una sección oficial a concurso para el cine iberoamericano, al tiempo que mantuvo –separada- la sección de cine mexicano, con cáracter competitivo desde 1991. Fueron proyectados 221 títulos, distribuidos en trece secciones. El especialista mexicano en sonido Gonzalo Gavira (1925-2005) y el director español Montxo Armendáriz fueron motivo de sendos homenajes y la cinematografía suiza participó en calidad de país invitado. La programación incluyó asimismo retrospectivas del cortometraje mexicano de la década de 1990 y del cine experimental de la norteamericana Naomi Uman y sus discípulos, un programa de video y numerosas funciones especiales. Fueron presentadas las exposiciones Carteles del cine mexicano de los noventa y ¡Cámara!: el cine en Guadalajara, 1985-2001, además que en días previos se reunió el Encuentro Mujeres y Cine en América Latina. | ||
| 520 | |a Los jurados oficiales, de las secciones iberoamericana y mexicana, galardonaron como mejores películas a la brasileña A la izquierda del padre (2001), el impresionante primer largometraje de fición del carioca Luiz Fernando Carvalho, y a Gabriel Orozco: un proyecto fílmico documental (2001), la sugestiva ópera prima de Juan Carlos Martín, en tanto el premio a Mejor Cortometraje de la sección nacional fue para ¿Y cómo es él? (1998-2000), de la directora Issa García-Ascot Ogarrio. El público favoreció El sueño del Caimán (2000), el chacotero segundo largometraje del sinaloense Beto Gómez, filmado en Guadalajara, y el cortometraje La milpa (2001), de Patricia Riggen, egresada de ITESO, quien también recogió el premio del jurado de la crítica a Mejor Cortometraje. La Organización Católica Internacional del Cine y del Audiovisual (OCIC) se decantó por Otilia Rauda (2000), luego rebautizada como La mujer del pueblo, premio que rechazó la directora Dana Rotberg, por su desacuerdo con la edición de la película. Otras cuatro egresadas de ITESO tuvieron una participación significativa en la Muestra: Isabel Cristina Fregoso y Afra Mejía Lara presentaron sus documentales Chenalhó, el corazón de Los Altos (2000) y En el camino del surco: migración indígena a los campos de tomate (2001) en el programa de video, mientras Julia Büchsenschütz y Karla Castañeda Ortega contribuyeron de modo decisivo en la investigación y curaduría de la exposición ¡Cámara! | ||
| 585 | |a Muestra de Cine Mexicano en Guadalajara (17ª: 2002) | ||
| 649 | |a XX | ||
| 650 | |a Cineastas Vascos - |x Homenajes | ||
| 650 | |a Cineastas Españoles - |x Homenajes | ||
| 650 | |a Cineastas Vascos - |x Ciclos y Retrospectivas | ||
| 650 | |a Cineastas Españoles - |x Ciclos y Retrospectivas | ||
| 650 | |a Cine Mexicano - |x Festivales - |x Catálogos - |x Tema Principal | ||
| 650 | |a Cine Mexicano - |x Ciclos y Retrospectivas | ||
| 650 | |a Cine Mexicano - |x Historia y Crítica | ||
| 650 | |a Cine Mexicano - |y 1950-1959 | ||
| 650 | |a Cine Mexicano - |y 1970-1979 | ||
| 650 | |a Cine Mexicano - |y 1990-1999 | ||
| 650 | |a Cine Mexicano - |y 2000-2009 | ||
| 650 | |a Cine Mexicano - |y Siglo XX | ||
| 650 | |a Cine Mexicano - |y Siglo XXI | ||
| 650 | |a Cine Vasco - |x Ciclos y Retrospectivas | ||
| 650 | |a Cine Vasco - |x Historia y Crítica | ||
| 650 | |a Cine Vasco - |y Siglo XX | ||
| 650 | |a Cine Vasco - |y Siglo XXI | ||
| 650 | |a Cine Español - |x Ciclos y Retrospectivas | ||
| 650 | |a Cine Español - |x Historia y Crítica | ||
| 650 | |a Cine Español - |y Siglo XX | ||
| 650 | |a Cine Español - |y Siglo XXI | ||
| 650 | |a Cine Iberoamericano - |x Festivales - |x Catálogos - |x Tema Principal | ||
| 650 | |a Cine Iberoamericano - |x Historia y Crítica | ||
| 650 | |a Cine Iberoamericano - |y 2000-2009 | ||
| 650 | |a Cine Iberoamericano - |y Siglo XXI | ||
| 650 | |a Cine Suizo - |x Ciclos y Retrospectivas | ||
| 650 | |a Cine Suizo - |x Historia y Crítica | ||
| 650 | |a Cine Suizo - |y 1990-1999 | ||
| 650 | |a Cine Suizo - |y Siglo XX | ||
| 650 | |a Cine - |z Guadalajara, Jalisco - |x Festivales - |x Catálogos - |x Tema Principal | ||
| 650 | |a Cine - |z México - |x Festivales - |x Catálogos | ||
| 650 | |a Cine - |x Festivales - |x Catálogos | ||
| 650 | |a Armendáriz, Montxo | ||
| 650 | |a Gavira, Gonzalo | ||
| 910 | |a Fondo General | ||
| 920 | |a Impresos - Libros | ||
| 930 | |a Libros Antiguos y Raros | ||
| 905 | |a 108 | ||
| 901 | |a 0500109165 |b IT2 |c LRA |u 20250526 | ||
| 902 | |a https://opac.biblio.iteso.mx/vufind/Record/000171643 | ||